|
|
|
|
| LEADER |
01114nam a2200265 a 4500 |
| 001 |
33962 |
| 003 |
BD-DhAAL |
| 005 |
20190623150700.0 |
| 008 |
181105t2018 bg ao||| |||| 000 0 ben d |
| 999 |
|
|
|c 40234
|d 40234
|
| 020 |
|
|
|a 9789843411877
|
| 040 |
|
|
|a BD-DhAAL
|
| 082 |
|
|
|a 306.095492
|
| 100 |
|
|
|a মনির, খায়রুল আলম
|9 28791
|
| 245 |
|
|
|a ছোটদের প্রিয় শেখ মুজিব /
|c খায়রুল আলম মনির
|
| 246 |
|
|
|a Chotoder priyo Sheikh Mujib /
|
| 260 |
|
|
|a ঢাকা :
|b নুসরাত প্রকাশনী,
|c ২০১৮
|
| 300 |
|
|
|a ৬২ পৃ. :
|b চিত্র ;
|c ২২ সে.মি.
|
| 526 |
|
|
|a AAL
|
| 541 |
|
|
|a Boibazar.com
|e 33962
|
| 600 |
|
|
|a Mujibur Rahman, Sheikh
|d 1920-1975
|9 28792
|
| 651 |
|
|
|a Bangladesh
|x Politics and government
|9 28793
|
| 852 |
|
|
|a Ayesha Abed Library
|c Bangabandhu Corner
|
| 942 |
|
|
|2 ddc
|c BK
|
| 952 |
|
|
|0 0
|1 0
|2 ddc
|4 0
|6 306_095492000000000_MON
|7 0
|9 64613
|a BRACUL
|b BRACUL
|c BNC
|d 2018-11-01
|e Boibazar.com
|g 160.00
|l 0
|o 306.095492 MON
|p 3010033962
|r 2018-11-01
|t 1
|v 160.00
|w 2018-11-01
|y BK
|